The Social World of the Babylonian Priest /
In The Social World of the Babylonian Priest , Bastian Still presents a comprehensive study of the priestly community of Borsippa during the Neo-Babylonian and early Persian Empires (ca. 620-484 BCE). By examining patterns of marriage, landholding, moneylending, and friendship, he provides an intima...
المؤلف الرئيسي:
التنسيق: كتاب الكتروني
اللغة: English
منشور في:
Leiden, Boston :
BRILL,
2019.
سلاسل:
Culture and History of the Ancient Near East
103.
Biblical Studies, Ancient Near East and Early Christianity E-Books Online, Collection 2019, ISBN: 9789004390805.
الموضوعات:
الوصول للمادة أونلاين: Login to view Source
الوسوم: إضافة وسم
رقم الطلب: H41
| LEADER | 03099cam a2200457Ii 4500 | ||
|---|---|---|---|
| 001 | BRILL9789004399969 | ||
| 003 | nllekb | ||
| 005 | 20210602100024.0 | ||
| 006 | m d | ||
| 007 | cr un uuuua | ||
| 008 | 190426s2019 gw sb 001 0 eng d | ||
| 020 | |a 9789004399969 |q (electronic book) | ||
| 020 | |z 9789004399952 |q (print) | ||
| 024 | 7 | |a 10.1163/9789004399969 |2 DOI | |
| 035 | |a (OCoLC)1096230976 | ||
| 040 | |a NL-LeKB |c NL-LeKB |e rda | ||
| 050 | 4 | |a H41 | |
| 072 | 7 | |a HBLA |2 bicssc | |
| 072 | 7 | |a HIS |x 010000 |2 bisacsh | |
| 072 | 7 | |a HIS |x 002000 |2 bisacsh | |
| 082 | 0 | 4 | |a 300.3 |2 23 |
| 100 | 1 | |a Still, Bastian, |e author. | |
| 245 | 1 | 0 | |a The Social World of the Babylonian Priest / |c Bastian Still. |
| 264 | 1 | |a Leiden, |a Boston : |b BRILL, |c 2019. | |
| 300 | |a 1 online resource. | ||
| 336 | |a text |b txt |2 rdacontent | ||
| 337 | |a computer |b c |2 rdamedia | ||
| 338 | |a online resource |2 rdacarrier | ||
| 490 | 0 | |a Culture and History of the Ancient Near East; |v v.103 | |
| 490 | 0 | |a Biblical Studies, Ancient Near East and Early Christianity E-Books Online, Collection 2019, ISBN: 9789004390805 | |
| 504 | |a Includes bibliographical references and index. | ||
| 505 | 0 | 0 | |a Front Matter -- Copyright -- Acknowledgments -- Figures and Tables -- Abbreviations -- Introduction -- Social Interactions among Priests in Borsippa -- The Hypergamous Marriage System -- Landholding -- Silver Lending -- Circles of Trust and Intimacy -- Priests in Neo-Babylonian Society -- Homophily and Interaction -- Social Boundary and Collective Identity -- Conclusion -- Back Matter -- Quantitative Analysis of Priestly Marriages in Borsippa -- Bibliography -- Index of Sources. |
| 520 | |a In The Social World of the Babylonian Priest , Bastian Still presents a comprehensive study of the priestly community of Borsippa during the Neo-Babylonian and early Persian Empires (ca. 620-484 BCE). By examining patterns of marriage, landholding, moneylending, and friendship, he provides an intimate account of the daily life of the Babylonian priesthood beyond the temple walls and develops a more sophisticated understanding of the organisation of ancient Babylonian society as a whole. Combining the use of social network analysis, anthropological studies, and sociological concepts concerned with kinship, tie strength, social boundaries, and identity formation, Bastian Still's interdisciplinary approach transcends the traditional boundary of cuneiform studies and enables the field of Assyriology to contribute to a more general socio-historical discourse. | ||
| 650 | 0 | |a Social sciences. | |
| 776 | 0 | 8 | |i Print version: |t The Social World of the Babylonian Priest |d Leiden, Boston : BRILL, 2019, |z 9789004399952 |
| 830 | 0 | |a Culture and History of the Ancient Near East |v 103. | |
| 830 | 0 | |a Biblical Studies, Ancient Near East and Early Christianity E-Books Online, Collection 2019, ISBN: 9789004390805. | |
| 856 | 4 | |z DOI: |u http://dx.doi.org/10.1163/9789004399969 | |
| 942 | |c EBOOK | ||
| 952 | |0 0 |1 0 |4 0 |7 1 |9 13695 |a BRILL |b BRILL |d 2021-06-02 |l 0 |r 2021-06-02 00:00:00 |w 2021-06-02 |y EBOOK | ||
| 999 | |c 35146 |d 35146 | ||
